00752nam a2200253 a 4500001001300000003000900013005001700022008004100039020001000080082001500090100002000105245007500125260004700200300000900247500003500256505001000291650001100301650002000312700002000332902000800352942000700360952011600367999001500483nice12345678IN_TiNIC20260116013034.0050524s1992 alba grp 000 0 eng  ac45000a297.4bMUR aMurata, Sachiko aTao of Islamb a Source Book on Gender Relationship in Islamic Thought aAlbanybState University of New Yorkc1992 a397p aincludes index and biblioraphy2 aIndex aSufism aIslam-Doctrines1 aMurata, Sachiko bSRS cBK 001040708StackRoom-aHMIbHMId2008-04-09g450.00l0o297.4 MURp014845r2008-04-09v450.00w2005-05-24yBK c9383d9383